Leadership sustainability : seven disciplines to achieve the changes great leaders know they must make

Bibliographic Details
Main Authors: Ulrich, David (Author), Smallwood, W. Norman (Author)
Format: Book
Language:English
Published: New York : McGraw-Hill Education [2013]
Subjects:

MARC

LEADER 00000cam a2200000 7i4500
001 0000027904
005 20241120.0
008 180313 -usa eng
020 |a 9780071808521 
040 |a INS   |b eng   |e rda 
090 0 0 |a HD57.7   |b U45797 2013 
100 1 |a Ulrich, David ,   |e author 
245 1 0 |a Leadership sustainability :   |b seven disciplines to achieve the changes great leaders know they must make   |c Dave Ulrich, Norm Smallwood. 
264 1 |a New York :   |b McGraw-Hill Education   |c [2013] 
264 4 |c ©2013 
300 |a xiii, 264 pages :   |b illustrations :   |b 24 cm 
336 |a text  |2 rdacontent 
337 |a unmediated  |2 rdamedia 
338 |a volume  |2 rdacarrier 
500 |a Includes index 
504 |a Includes bibliographical references (pages : 245-252) 
505 0 |a Do not walk home -- Simplicity -- Time -- Accountability -- Resources -- Tracking -- Melioration -- Emotion -- Conclusion. 
650 0 |a Leadership. 
700 1 |a Smallwood, W. Norman ,   |e author 
999 |a 1000003319   |b BOOK   |c Open Shelf   |e Default branch